| 000 | 00438nam a2200145Ia 4500 | ||
|---|---|---|---|
| 008 | 230917s9999||||xx |||||||||||||| ||und|| | ||
| 040 |
_e5007118 _aMAIN |
||
| 041 | _aEnglish | ||
| 082 | _a615.19 M295I | ||
| 100 | _aMalik, Neelam | ||
| 245 | 0 | _aIn silico design, synthesis, 3D-QSR studies and evaluation of antioxidant and xantihin oxidase inhibitory activities of natural derivatives | |
| 260 | _c2019 | ||
| 300 | _a281 p. | ||
| 942 | _cBK | ||
| 999 |
_c9787 _d9787 |
||